Chuyện tình Tristant và Iseut: Truyện dân gian Pháp

Guardado en:
Detalles Bibliográficos
Formato: Libro
Lenguaje:Undetermined
Publicado: Hà Nội VHTT 1997
Materias:
Etiquetas: Agregar Etiqueta
Sin Etiquetas, Sea el primero en etiquetar este registro!
Thư viện lưu trữ: Trung tâm Học liệu Trường Đại học Cần Thơ
LEADER 00480nam a2200169Ia 4500
001 CTU_17694
008 210402s9999 xx 000 0 und d
020 |b 13000đ 
082 |a 398.20944 
082 |b Ch527 
245 0 |a Chuyện tình Tristant và Iseut: Truyện dân gian Pháp 
260 |a Hà Nội 
260 |b VHTT 
260 |c 1997 
650 |a folk literature, french 
904 |i Minh, 970802 
980 |a Trung tâm Học liệu Trường Đại học Cần Thơ